Los agrios
Guardat en:
| Autor principal: | |
|---|---|
| Format: | Llibre |
| Idioma: | espanyol |
| Publicat: |
Madrid
Mundi-Prensa
1992
|
| Matèries: | |
| Etiquetes: |
Afegir etiqueta
Sense etiquetes, Sigues el primer a etiquetar aquest registre!
|
MARC
| LEADER | 00000nam a2200000 a 4500 | ||
|---|---|---|---|
| 001 | UCR4518 | ||
| 003 | CL-VaPUC | ||
| 008 | 980313e19920000SP |||||||||||||||||spa|d | ||
| 082 | 0 | 4 | |a 634.304 |b LOU |2 21 |
| 100 | |a Loussert, Raymond |e autor |9 404785 | ||
| 245 | 1 | 4 | |a Los agrios |
| 300 | |a 319 p | ||
| 942 | |c BK | ||
| 945 | |d 19980313 00:00:00 |a rleighto | ||
| 260 | |a Madrid |b Mundi-Prensa |c 1992 | ||
| 650 | 0 | |a Cítricos |9 393380 | |
| 650 | 0 | |a Cultivo |9 264268 | |
| 650 | 0 | |a Medio ambiente |9 257625 | |
| 650 | 7 | |a TEMPERATURA |2 CL-VaPUC |9 404786 | |
| 650 | 0 | |a Clima |9 265281 | |
| 650 | 7 | |a PLUVIOMETRIA |2 CL-VaPUC |9 392530 | |
| 650 | 7 | |a SUELO |2 CL-VaPUC |9 348469 | |
| 650 | 7 | |a PLANTA |2 CL-VaPUC |9 404787 | |
| 650 | 0 | |a Variedades frutales |9 404820 | |
| 650 | 0 | |a Fertilización |9 259681 | |
| 650 | 0 | |a Riego |9 259685 | |
| 650 | 0 | |a Poda |9 259686 | |
| 650 | 0 | |a Enfermedades de las plantas |9 259687 | |
| 650 | 7 | |a PLAGAS |2 CL-VaPUC |9 264624 | |
| 650 | 7 | |a PLANTACION |2 CL-VaPUC |9 369124 | |
| 650 | 0 | |a Cosecha |9 259688 | |
| 583 | |a last modification |c 19980313 00:00:00 |k Rodrigo Vera | ||
| 999 | |c 267456 |d 267454 | ||
| 952 | |0 0 |1 0 |4 0 |6 634_304000000000000_LOU_1992 |7 0 |8 A |9 299778 |a BIBAGR |b BIBAGR |d 2019-11-20 |i 3399974 |l 5 |o 634.304 LOU 1992 |p 3399974 |r 2025-01-20 |s 2024-06-05 |w 2019-11-20 |y BK |k AGR | ||
| 952 | |0 0 |1 1 |2 ddc |4 0 |6 634_304000000000000_LOU_1992 |7 0 |8 A |9 299779 |a BIBAGR |b BIBAGR |d 2019-11-20 |i 3399982 |l 1 |o 634.304 LOU 1992 |p 3399982 |r 2022-03-28 |s 2022-03-24 |w 2019-11-20 |y BK |k AGR | ||